000
00289nam a22001337a 4500
008
180921b xxu||||| |||| 00| 0 eng d
020
_a
9780534355845
041
_a
eng
080
_a
316
100
_a
50
101
_a
SOC
245
_a
Cultural Diversity
_c
Diller, J.V
942
_2
udc
_c
BK
999
_c
48188
_d
48188